| 000 | 00976cam a2200229 4500 | ||
|---|---|---|---|
| 001 | WB3720-31 | ||
| 008 | 000000n2001 000 0 eng u | ||
| 035 | _a(Sirsi) u112741 | ||
| 245 | _aCompensation tax rules eased | ||
| 260 | _c2001 | ||
| 490 |
_aFarmers' Weekly _v18 May 2001, 27(1) |
||
| 520 | _aFarmers welcome extra statutory concession B11, which relaxes Inland Revenue rules surrounding foot and mouth disease compensation payments. Under the concession some farmers will be able to remove profits from the slaughter period and spread them over the following three years. End-of-year stocktaking valuations will also be treated on an individual farm basis. | ||
| 590 | _aWB | ||
| 650 | _aCOMPENSATION | ||
| 650 | _aCOMPENSATION PAYMENTS | ||
| 650 | _aEND OF YEAR VALUATIONS | ||
| 650 | _aEXTRA-STATUTORY CONCESSION B11 | ||
| 650 | _aFOOT-AND-MOUTH DISEASE | ||
| 650 | _aSTOCKTAKING VALUATIONS | ||
| 690 | _aRURAL-FARM BUSINESS MANAGEMENT | ||
| 942 | _n0 | ||
| 999 |
_c67128 _d67128 |
||